zpět

Detail výsledku týmu

Pardubický Pub PO, Pardubice

Datum a čas kvízu

25 Celkem bodů Celkový počet nahraných bodů na tomto kvízu bez doplňovacích otázek.
2. Pořadí na kvízu Konečné umístění týmu na tomto kvízu.

Zaznamenané odpovědi

# Otázka Odpověď Body Výsledky
1. S blížícím se adventním období... z Dašic 1
2. Rada města Akureyri přišla s n... na Islandu 1
3. Která zpěvačka získala v hlavn... Ewa Farna 1
4. Škoda Auto minulý čtvrtek před... Slavia 1
5. Naše tenistky na Turnaji mistr... Barbora Krejčíková, Kateřina Siniaková 0.5
6. K vytvoření tohoto tématu nás... v Baltimoru 0
7. Na třetí pozici se v žebříčku... Walter, Jesse 0.5
8. Na pátém místě žebříčku skonči... 8 sérií 1
9. Největší zastoupení v žebříčku... Výmarská republika/výmarské Německo 0
10. Dalším seriálem vybočujícím z... Kodaň, Malmö 0.5